000
00508nam a2200145Ia 4500
008
151213s9999 xx 000 0 und d
100
_a
মজিফজ উদ্দীন আহম্মেদ।
245
_a
পরিভাষা কোষ।
_c
মজিফজ উদ্দীন আহম্মেদ।
260
_a
ঢাকা।
_c
1984
300
_a
8696 p.
650
_a
Bangla
650
_a
দর্শন
700
_a
মজিফজ উদ্দীন আহম্মেদ।
999
_c
4482
_d
4482